000 00372nam a2200109Ia 4500
008 180205s9999 xx 000 0 und d
020 _a9712327787
100 _aMalaya, Jonathan
245 _cUychoco, Arnell
_aHit the podium :
_bgetting started in debate includes ten great political speeches
260 _aRecto Avenue City
_bREX book store
_c1999
300 _aiii, 240 pages
999 _c354801
_d354801